| 000 | 00731nam a22001817a 4500 | ||
|---|---|---|---|
| 999 |
_c62029 _d62029 |
||
| 003 | Ge_BSU | ||
| 005 | 20240625103609.0 | ||
| 008 | 240625s1951 ge ||||| |||| 00| 0 geo d | ||
| 041 | _ageo | ||
| 080 | _a371.7+ 613.955 ხ-65 | ||
| 100 |
_aხმალაძე, ა.გ. _922563 |
||
| 245 |
_aმოწაფის ჰიგიენა / _c ა.გ. ხმალაძე; რედ. ა. ასათიანი. |
||
| 264 |
_aთბილისი : _bსაქმედგამი, _c1951. |
||
| 300 |
_a40 გვ. : _bილ. ; _c21 სმ. |
||
| 653 | _aმოსწავლის ჰიგიენა | ||
| 700 |
_a ასათიანი, ა. _eრედაქტორი _922564 |
||
| 942 |
_2udc _cᲬᲘᲒᲜᲘ |
||